| 000 | 00000nam##2200000za#4500 |
| 001 | 9.590963 |
| 003 | CaOODSP |
| 005 | 20210624200357 |
| 007 | cr ||||||||||| |
| 008 | 150406|2001||||xxc|||||o f|0| 0 fre|d |
| 020 | |a0-662-86297-X |
| 040 | |aCaOODSP|bfre |
| 043 | |an-cn--- |
| 086 | 1 |aH113-7/2001-13F-PDF |
| 110 | 1 |aCanada.|bSanté Canada. |bAgence de réglementation de la lutte antiparasitaire. |
| 245 | 10|aIsomate-M 100, phéromone de la tordeuse orientale du pêcher, perturbant son comportement reproducteur dans les arbres fruitiers |h[ressource électronique] |
| 260 | |aOttawa - Ontario : |bSanté Canada. |cLe 2 novembre 2001. |
| 300 | |a20p.|bglossaire, tableaux |
| 490 | 1 |aNote réglementaire |vREG 2001-13 |
| 500 | |aLe n° de catalogue (H113-7/2001-13F) et l'ISBN (0-662-86296-1) de l'édition imprimée ont été incorrectement copiés dans l'édition électronique. |
| 590 | |a12-01-Supp|b2012-01-13 |
| 775 | 08|tIsomate-M 100 Oriental Fruit Moth Pheromone for use in orchards to disrupt Oriental fruit moth mating |w(CaOODSP)9.557963 |
| 776 | 0#|tIsomate-M 100, phéromone de la tordeuse orientale du pêcher, perturbant son comportement reproducteur dans les arbres fruitiers |w(CaOODSP)9.625805 |
| 830 | #0|aNote réglementaire ;|vREG 2001-13|w(CaOODSP)9.500880 |
| 856 | 40|ahttp://publications.gc.ca|qPDF|s209 Ko|uhttps://publications.gc.ca/collections/Collection/H113-7-2001-13F.pdf|yREG 2001-13 |